[Event "DVM U12 2018"]
[Site "Magdeburg GER"]
[Date "2018.12.29"]
[Round "6"]
[White "Kauth, Lukas Michael"]
[Black "Otto, Kian"]
[Result "1-0"]
[Termination "normal"]
[Board "8.4"]
[WhiteElo "855"]
[BlackElo "1101"]
[WhiteTeam "SK Bebenhausen"]
[BlackTeam "Muldental Wilkau-Haßlau"]
[PlyCount "25"]
[WhiteFideId "16272994"]
[EventCountry "GER"]
[EventRounds "7"]
[EventType "team-swiss"]
[EventDate "2018.12.26"]

1. e4 c5 2. d4 cxd4 3. c3 dxc3 4. Nxc3 g6 5. Nf3 Bg7 6. Bc4 Nc6 7. O-O Nf6 8.
e5 Ng4 9. Bxf7+ Kxf7 10. Ng5+ Ke8 11. Qxg4 Rf8 12. Nxh7 Rh8 13. Qxg6# 1-0

[Event "DVM U12 2018"]
[Site "Magdeburg GER"]
[Date "2018.12.29"]
[Round "6"]
[White "Mainka, Ingmar"]
[Black "Feng, Felix"]
[Result "1/2-1/2"]
[Termination "normal"]
[Board "9.1"]
[WhiteElo "1190"]
[BlackElo "1430"]
[WhiteTeam "DJK Arminia Eilendorf"]
[BlackTeam "SF Neuberg"]
[PlyCount "64"]
[WhiteFideId "16254937"]
[BlackFideId "16275179"]
[EventCountry "GER"]
[EventRounds "7"]
[EventType "team-swiss"]
[EventDate "2018.12.26"]

1. e4 c5 2. Nf3 d6 3. d4 cxd4 4. Nxd4 Nf6 5. Nc3 g6 6. Be3 Bg7 7. Bc4 O-O 8.
Qd2 Nc6 9. O-O-O Bd7 10. Bh6 Rc8 11. Bxg7 Kxg7 12. f4 Qa5 13. Bb3 Nxd4 14. Qxd4
Qc5 15. h3 Qxd4 16. Rxd4 Be6 17. Bd5 Bxd5 18. Nxd5 Nxd5 19. Rxd5 Rc6 20. Rhd1
Rfc8 21. c3 a6 22. e5 dxe5 23. Rxe5 e6 24. Rd7 R6c7 25. Rxc7 Rxc7 26. Re4 Kf6
27. g4 Rd7 28. Kc2 Kg7 29. a4 Rd5 30. b4 Kf6 31. c4 Rd7 32. b5 Rc7 1/2-1/2

[Event "DVM U12 2018"]
[Site "Magdeburg GER"]
[Date "2018.12.29"]
[Round "6"]
[White "Eull, Emil"]
[Black "Korr, Sören"]
[Result "1/2-1/2"]
[Termination "normal"]
[Board "9.2"]
[WhiteElo "1526"]
[BlackElo "1143"]
[WhiteTeam "SF Neuberg"]
[BlackTeam "DJK Arminia Eilendorf"]
[PlyCount "86"]
[WhiteFideId "16253809"]
[BlackFideId "16275241"]
[EventCountry "GER"]
[EventRounds "7"]
[EventType "team-swiss"]
[EventDate "2018.12.26"]

1. e4 e5 2. Nf3 Nc6 3. d4 exd4 4. Nxd4 Bc5 5. Be3 Bb6 6. Bc4 d6 7. O-O Nf6 8.
Nc3 O-O 9. Kh1 Qe7 10. f3 Be6 11. Nxe6 fxe6 12. Bxb6 axb6 13. Ne2 Kh8 14. Nf4
e5 15. Nd5 Nxd5 16. Bxd5 Na5 17. a3 Rad8 18. Qd3 Rf6 19. Qc3 Qe8 20. b4 Nc6 21.
Bxc6 Qxc6 22. Qxc6 bxc6 23. c4 Rf7 24. Ra2 Kg8 25. Kg1 g6 26. a4 Kg7 27. Rb1
Kf6 28. a5 Ra8 29. Rba1 Rff8 30. axb6 Rxa2 31. Rxa2 cxb6 32. Ra7 Rf7 33. Rxf7+
Kxf7 34. Kf2 Ke6 35. Ke3 h6 36. Kd3 g5 37. g4 c5 38. Kc3 Kd7 39. Kb3 Kc7 40.
Ka4 Kc6 41. h3 Kc7 42. bxc5 dxc5 43. Kb5 Kb7 1/2-1/2

[Event "DVM U12 2018"]
[Site "Magdeburg GER"]
[Date "2018.12.29"]
[Round "6"]
[White "Sassenscheidt, Julius"]
[Black "Kaiser, Jason"]
[Result "1-0"]
[Termination "normal"]
[Board "9.3"]
[WhiteElo "1034"]
[BlackElo "1254"]
[WhiteTeam "DJK Arminia Eilendorf"]
[BlackTeam "SF Neuberg"]
[PlyCount "67"]
[WhiteFideId "16258509"]
[BlackFideId "16275187"]
[EventCountry "GER"]
[EventRounds "7"]
[EventType "team-swiss"]
[EventDate "2018.12.26"]

1. c4 e5 2. Nc3 Nc6 3. Nf3 Bc5 4. e3 Nf6 5. d4 exd4 6. exd4 Qe7+ 7. Be2 Bb4 8.
Qc2 Ne4 9. O-O O-O 10. a3 Bxc3 11. bxc3 Re8 12. Bd3 Nf6 13. Bg5 h6 14. Bh4 d6
15. Rfe1 Qd8 16. Qa4 Bd7 17. Qb3 b6 18. Qc2 Bg4 19. Be4 Bd7 20. Re3 g5 21. Bg3
Nxe4 22. Rxe4 Rf8 23. Re3 Ne7 24. Nd2 Nf5 25. Rf3 Nxg3 26. Rxg3 f6 27. Qg6+ Kh8
28. Qxh6+ Kg8 29. Qg6+ Kh8 30. f4 g4 31. f5 Qe7 32. Rxg4 Rg8 33. Rh4+ Qh7 34.
Qxh7# 1-0

[Event "DVM U12 2018"]
[Site "Magdeburg GER"]
[Date "2018.12.29"]
[Round "6"]
[White "Ruppel, Felix"]
[Black "Debets, Mario"]
[Result "1/2-1/2"]
[Termination "normal"]
[Board "9.4"]
[WhiteElo "1004"]
[BlackElo "1000"]
[WhiteTeam "SF Neuberg"]
[BlackTeam "DJK Arminia Eilendorf"]
[PlyCount "87"]
[WhiteFideId "16275195"]
[BlackFideId "16275250"]
[EventCountry "GER"]
[EventRounds "7"]
[EventType "team-swiss"]
[EventDate "2018.12.26"]

1. e4 e5 2. Nf3 Nc6 3. Bc4 Bc5 4. c3 d6 5. a4 a6 6. h3 Nf6 7. d3 O-O 8. Bg5 Be6
9. O-O h6 10. Bh4 Qe7 11. Nbd2 Rfd8 12. Re1 d5 13. exd5 Bxd5 14. Bxd5 Rxd5 15.
d4 Bb6 16. Nc4 Re8 17. Ncxe5 Nxe5 18. Nxe5 Qd6 19. Nc4 Rxe1+ 20. Qxe1 Qd7 21.
Bxf6 Qc6 22. Ne3 gxf6 23. Nxd5 Qxd5 24. f3 Qb3 25. Qe2 c6 26. Ra3 Qd5 27. b4
Bc7 28. Qd3 Qd6 29. Kf1 a5 30. Rb3 Kg7 31. bxa5 Bxa5 32. Rxb7 Qa3 33. Qc4 Bxc3
34. Qxc6 Bxd4 35. Qd7 Qd3+ 36. Ke1 Qe3+ 37. Kd1 Qd3+ 38. Kc1 Qc3+ 39. Kb1 Qd3+
40. Ka2 Qc2+ 41. Ka3 Qc3+ 42. Rb3 Bc5+ 43. Ka2 Qc2+ 44. Rb2 1/2-1/2

[Event "DVM U12 2018"]
[Site "Magdeburg GER"]
[Date "2018.12.29"]
[Round "6"]
[White "Fischer, Darja"]
[Black "Hecker, Linus Maximin"]
[Result "1-0"]
[Termination "normal"]
[Board "10.1"]
[WhiteElo "1442"]
[BlackElo "1388"]
[WhiteTeam "Karlsruher SF"]
[BlackTeam "Düsseldorfer SV"]
[PlyCount "47"]
[WhiteFideId "16240898"]
[BlackFideId "16275152"]
[EventCountry "GER"]
[EventRounds "7"]
[EventType "team-swiss"]
[EventDate "2018.12.26"]

1. e4 e5 2. Nf3 Nc6 3. Nc3 Nf6 4. d4 exd4 5. Nxd4 Bc5 6. Nxc6 bxc6 7. Bd3 d5 8.
exd5 cxd5 9. O-O O-O 10. Bg5 c6 11. Re1 h6 12. Bh4 Bb4 13. a3 Ba5 14. b4 Bb6
15. h3 c5 16. bxc5 Ba5 17. Bxf6 gxf6 18. Qh5 Bxc3 19. Re3 Be5 20. Qxh6 f5 21.
Rxe5 Re8 22. Rae1 Rxe5 23. Rxe5 f6 24. Re3 1-0

[Event "DVM U12 2018"]
[Site "Magdeburg GER"]
[Date "2018.12.29"]
[Round "6"]
[White "Hörhager-Celjo, Dino"]
[Black "Kiefhaber, Julius"]
[Result "1/2-1/2"]
[Termination "normal"]
[Board "10.2"]
[WhiteElo "1307"]
[BlackElo "1417"]
[WhiteTeam "Düsseldorfer SV"]
[BlackTeam "Karlsruher SF"]
[PlyCount "53"]
[WhiteFideId "16253035"]
[BlackFideId "16245121"]
[EventCountry "GER"]
[EventRounds "7"]
[EventType "team-swiss"]
[EventDate "2018.12.26"]

1. e4 c5 2. Nc3 Nc6 3. f4 g6 4. Nf3 Bg7 5. Bc4 e6 6. O-O Nge7 7. d3 O-O 8. Qe1
Re8 9. Qh4 d5 10. exd5 exd5 11. Bb3 Nd4 12. Nxd4 Bxd4+ 13. Kh1 b6 14. Re1 Be6
15. Ba4 Rf8 16. Be3 Bg7 17. Bd2 a6 18. a3 Nf5 19. Qxd8 Rfxd8 20. Rab1 Nd4 21.
Ne2 c4 22. Nxd4 Bxd4 23. c3 Bg7 24. d4 Rab8 25. Bc2 b5 26. h3 h5 27. Re2
1/2-1/2

[Event "DVM U12 2018"]
[Site "Magdeburg GER"]
[Date "2018.12.29"]
[Round "6"]
[White "Hörhager-Celjo, Denis"]
[Black "Hoffmann, Sophia"]
[Result "1-0"]
[Termination "normal"]
[Board "10.4"]
[WhiteElo "1238"]
[BlackElo "1077"]
[WhiteTeam "Düsseldorfer SV"]
[BlackTeam "Karlsruher SF"]
[PlyCount "145"]
[WhiteFideId "16253027"]
[BlackFideId "16259130"]
[EventCountry "GER"]
[EventRounds "7"]
[EventType "team-swiss"]
[EventDate "2018.12.26"]

1. e4 e5 2. Nf3 Nc6 3. Bc4 Nf6 4. Ng5 d5 5. exd5 Nxd5 6. Nxf7 Kxf7 7. Qf3+ Ke6
8. Nc3 Ncb4 9. Qe4 c6 10. d4 Qd6 11. a3 Na6 12. O-O Be7 13. Re1 Bf6 14. dxe5
Bxe5 15. f4 Nc5 16. Qxe5+ Qxe5 17. fxe5 Nd7 18. Bf4 Rf8 19. Bg3 Rf5 20. Rad1
N7b6 21. Bxd5+ cxd5 22. Nb5 Rf7 23. Nd4+ Ke7 24. Bh4+ Ke8 25. e6 Rc7 26. Nf5 a5
27. Nd6+ Kf8 28. e7+ Rxe7 29. Bxe7+ Kg8 30. Bd8 Bd7 31. Bxb6 Ba4 32. b3 Bc6 33.
Nf5 Rf8 34. Ne7+ Kh8 35. Nxc6 bxc6 36. Rf1 Re8 37. Bc5 Kg8 38. Rf2 h6 39. Rdf1
Kh7 40. Bd4 Re7 41. Rf7 Rxf7 42. Rxf7 Kg6 43. Rxg7+ Kf5 44. Rc7 Ke4 45. Bb6 Ke5
46. Rxc6 h5 47. Bxa5 d4 48. Rc5+ Ke4 49. Rxh5 d3 50. cxd3+ Kxd3 51. Rc5 Kd4 52.
Rc4+ Kd5 53. h4 Ke5 54. g4 Kf6 55. Rc6+ Ke5 56. Bd2 Kd4 57. Rf6 Ke5 58. Rf1 Ke4
59. h5 Kd3 60. h6 Kxd2 61. h7 Ke3 62. h8=Q Ke4 63. Qe8+ Kd3 64. Rd1+ Kc2 65.
Rd7 Kb2 66. Rc7 Ka2 67. Qe2+ Kxa3 68. b4 Ka4 69. b5 Kb4 70. b6 Ka4 71. b7 Ka5
72. b8=Q Ka4 73. Qa6# 1-0

[Event "DVM U12 2018"]
[Site "Magdeburg GER"]
[Date "2018.12.30"]
[Round "7"]
[White "Hommer, Jeremy"]
[Black "Garner, Isaac"]
[Result "1-0"]
[Termination "normal"]
[Board "1.1"]
[WhiteElo "1965"]
[BlackElo "1852"]
[WhiteClock "00:09:01"]
[BlackClock "00:17:36"]
[WhiteTeam "SC Turm Lüneburg"]
[BlackTeam "Hamburger SK"]
[PlyCount "112"]
[WhiteFideId "12992577"]
[BlackFideId "16239261"]
[EventCountry "GER"]
[EventRounds "7"]
[EventType "team-swiss"]
[EventDate "2018.12.26"]

1. d4 {[%clk 1:30:57]} Nf6 {[%clk 1:30:54]} 2. Bf4 {[%clk 1:31:19]} d5 {[%clk
1:31:18]} 3. e3 {[%clk 1:31:43]} e6 {[%clk 1:31:42]} 4. Nd2 {[%clk 1:32:05]}
Bd6 {[%clk 1:32:06]} 5. Bg3 {[%clk 1:32:28]} O-O {[%clk 1:31:57]} 6. Ngf3
{[%clk 1:32:46]} b6 {[%clk 1:31:45]} 7. c3 {[%clk 1:32:51]} c5 {[%clk 1:30:07]}
8. Ne5 {[%clk 1:31:07]} Ba6 {[%clk 1:26:11]} 9. Bxa6 {[%clk 1:29:26]} Nxa6
{[%clk 1:25:49]} 10. O-O {[%clk 1:28:44]} Nb8 {[%clk 1:23:17]} 11. Bh4 {[%clk
1:25:28]} Be7 {[%clk 1:19:23]} 12. f4 {[%clk 1:23:31]} Nfd7 {[%clk 1:10:40]}
13. Bxe7 {[%clk 1:23:02]} Qxe7 {[%clk 1:10:21]} 14. Qf3 {[%clk 1:21:44]} Nxe5
{[%clk 1:03:14]} 15. fxe5 {[%clk 1:21:55]} f6 {[%clk 0:57:19]} 16. exf6 {[%clk
1:03:07]} Rxf6 {[%clk 0:55:34]} 17. Qe2 {[%clk 0:59:37]} Nc6 {[%clk 0:39:20]}
18. Rxf6 {[%clk 0:49:25]} gxf6 {[%clk 0:35:30]} 19. Rf1 {[%clk 0:48:18]} Rf8
{[%clk 0:33:18]} 20. Qf3 {[%clk 0:38:18]} Rf7 {[%clk 0:27:54]} 21. Kh1 {[%clk
0:37:42]} Qd6 {[%clk 0:23:51]} 22. Rd1 {[%clk 0:29:38]} Kf8 {[%clk 0:20:42]}
23. Nb3 {[%clk 0:27:30]} cxd4 {[%clk 0:19:50]} 24. Nxd4 {[%clk 0:26:20]} Nxd4
{[%clk 0:19:40]} 25. exd4 {[%clk 0:25:56]} Kg7 {[%clk 0:18:01]} 26. h3 {[%clk
0:20:44]} f5 {[%clk 0:16:12]} 27. Re1 {[%clk 0:17:53]} Rf6 {[%clk 0:14:50]} 28.
Re5 {[%clk 0:15:26]} Qc6 {[%clk 0:12:50]} 29. Qe2 {[%clk 0:14:43]} b5 {[%clk
0:12:23]} 30. Re3 {[%clk 0:13:50]} Qc4 {[%clk 0:10:22]} 31. Rg3+ {[%clk
0:12:05]} Rg6 {[%clk 0:07:09]} 32. Qxe6 {[%clk 0:11:26]} Rxg3 {[%clk 0:06:03]}
33. Qe5+ {[%clk 0:11:55]} Kh6 {[%clk 0:05:31]} 34. Qxg3 {[%clk 0:11:00]} Qxa2
{[%clk 0:04:26]} 35. h4 {[%clk 0:11:04]} Qb1+ {[%clk 0:04:49]} 36. Kh2 {[%clk
0:10:40]} Qc1 {[%clk 0:05:11]} 37. Qe5 {[%clk 0:06:48]} Kg6 {[%clk 0:04:58]}
38. Qe6+ {[%clk 0:05:46]} Kg7 {[%clk 0:04:38]} 39. Qe7+ {[%clk 0:05:51]} Kg6
{[%clk 0:04:36]} 40. Qe6+ {[%clk 0:06:13]} Kg7 {[%clk 0:04:43]} 41. Qe5+ {[%clk
0:04:21]} Kg6 {[%clk 0:02:35]} 42. Qxd5 {[%clk 0:26:22]} Qxb2 {[%clk 0:27:30]}
43. Qe6+ {[%clk 0:26:18]} Kg7 {[%clk 0:26:07]} 44. Qe5+ {[%clk 0:26:42]} Kg6
{[%clk 0:26:30]} 45. d5 {[%clk 0:27:04]} Qf2 {[%clk 0:26:09]} 46. d6 {[%clk
0:20:23]} Qxh4+ {[%clk 0:23:32]} 47. Kg1 {[%clk 0:20:53]} Kf7 {[%clk 0:23:21]}
48. Qxf5+ {[%clk 0:18:24]} Ke8 {[%clk 0:22:55]} 49. Qxb5+ {[%clk 0:16:47]} Kd8
{[%clk 0:22:38]} 50. Qb8+ {[%clk 0:13:57]} Kd7 {[%clk 0:22:59]} 51. Qxa7+
{[%clk 0:13:58]} Kxd6 {[%clk 0:23:22]} 52. Qe3 {[%clk 0:13:21]} Kd5 {[%clk
0:21:31]} 53. Qd3+ {[%clk 0:11:46]} Kc5 {[%clk 0:20:57]} 54. g3 {[%clk
0:10:31]} Qg5 {[%clk 0:18:08]} 55. Kf2 {[%clk 0:09:43]} h5 {[%clk 0:17:36]} 56.
Qe3+ {[%clk 0:09:01]} Kd5 1-0

[Event "DVM U12 2018"]
[Site "Magdeburg GER"]
[Date "2018.12.30"]
[Round "7"]
[White "Huo, Da"]
[Black "Bildat, Emilia"]
[Result "1-0"]
[Termination "normal"]
[Board "1.2"]
[WhiteElo "1661"]
[BlackElo "1634"]
[WhiteClock "00:27:22"]
[BlackClock "00:44:38"]
[WhiteTeam "Hamburger SK"]
[BlackTeam "SC Turm Lüneburg"]
[PlyCount "77"]
[WhiteFideId "16221206"]
[BlackFideId "16218140"]
[EventCountry "GER"]
[EventRounds "7"]
[EventType "team-swiss"]
[EventDate "2018.12.26"]

1. e4 {[%clk 1:30:57]} c5 {[%clk 1:30:53]} 2. Nf3 {[%clk 1:31:22]} g6 {[%clk
1:31:10]} 3. d4 {[%clk 1:31:47]} cxd4 {[%clk 1:31:31]} 4. Nxd4 {[%clk 1:32:11]}
Bg7 {[%clk 1:31:50]} 5. c4 {[%clk 1:32:23]} Nc6 {[%clk 1:32:06]} 6. Be3 {[%clk
1:32:45]} Nf6 {[%clk 1:32:13]} 7. Nc3 {[%clk 1:32:55]} O-O {[%clk 1:32:22]} 8.
Be2 {[%clk 1:32:27]} d6 {[%clk 1:32:12]} 9. f3 {[%clk 1:32:07]} Nxd4 {[%clk
1:32:10]} 10. Bxd4 {[%clk 1:32:12]} Be6 {[%clk 1:32:04]} 11. O-O {[%clk
1:28:25]} Qa5 {[%clk 1:31:14]} 12. Qd2 {[%clk 1:24:56]} Rfc8 {[%clk 1:30:10]}
13. b3 {[%clk 1:22:31]} a6 {[%clk 1:28:33]} 14. Rfd1 {[%clk 1:22:06]} Rab8
{[%clk 1:27:04]} 15. Nd5 {[%clk 1:01:20]} Qxd2 {[%clk 1:25:53]} 16. Nxf6+
{[%clk 1:01:20]} Bxf6 {[%clk 1:25:19]} 17. Rxd2 {[%clk 1:01:31]} Bxd4+ {[%clk
1:23:15]} 18. Rxd4 {[%clk 1:01:59]} Rc7 {[%clk 1:19:09]} 19. Rad1 {[%clk
0:58:38]} f6 {[%clk 1:16:46]} 20. f4 {[%clk 0:57:50]} Rbc8 {[%clk 1:11:44]} 21.
g4 {[%clk 0:54:41]} f5 {[%clk 1:09:59]} 22. h3 {[%clk 0:46:33]} Kg7 {[%clk
1:06:51]} 23. Kg2 {[%clk 0:45:32]} Kf6 {[%clk 1:05:57]} 24. Kg3 {[%clk
0:42:14]} Rc5 {[%clk 1:02:20]} 25. Bf3 {[%clk 0:36:02]} b6 {[%clk 0:56:16]} 26.
Re1 {[%clk 0:32:45]} R8c7 {[%clk 0:49:23]} 27. exf5 {[%clk 0:32:52]} gxf5
{[%clk 0:48:36]} 28. g5+ {[%clk 0:33:13]} Kg7 {[%clk 0:46:11]} 29. Rxe6 {[%clk
0:33:29]} Kf7 {[%clk 0:46:06]} 30. Bd5 {[%clk 0:32:52]} Kg7 {[%clk 0:45:48]}
31. b4 {[%clk 0:33:18]} Rxd5 {[%clk 0:45:24]} 32. Rxd5 {[%clk 0:33:00]} Kf7
{[%clk 0:45:15]} 33. Rh6 {[%clk 0:32:30]} Kg7 {[%clk 0:44:47]} 34. Rd4 {[%clk
0:29:07]} b5 {[%clk 0:44:20]} 35. cxb5 {[%clk 0:27:29]} axb5 {[%clk 0:44:39]}
36. Rd5 {[%clk 0:27:26]} Rc3+ {[%clk 0:44:42]} 37. Kh4 {[%clk 0:27:35]} Rf3
{[%clk 0:44:48]} 38. Rxf5 {[%clk 0:27:47]} e5 {[%clk 0:44:38]} 39. Rxd6 {[%clk
0:27:22]} 1-0

[Event "DVM U12 2018"]
[Site "Magdeburg GER"]
[Date "2018.12.30"]
[Round "7"]
[White "Helms, Finn"]
[Black "Genov, Valentin"]
[Result "1/2-1/2"]
[Termination "normal"]
[Board "1.3"]
[BlackTitle "CM"]
[WhiteElo "1618"]
[BlackElo "1743"]
[WhiteClock "00:06:22"]
[BlackClock "00:05:39"]
[WhiteTeam "SC Turm Lüneburg"]
[BlackTeam "Hamburger SK"]
[PlyCount "60"]
[WhiteFideId "16249143"]
[BlackFideId "2919745"]
[EventCountry "GER"]
[EventRounds "7"]
[EventType "team-swiss"]
[EventDate "2018.12.26"]

1. c4 {[%clk 1:30:58]} e5 {[%clk 1:30:51]} 2. Nc3 {[%clk 1:31:22]} Nc6 {[%clk
1:31:16]} 3. g3 {[%clk 1:31:46]} Bc5 {[%clk 1:31:22]} 4. Bg2 {[%clk 1:32:11]}
a6 {[%clk 1:31:12]} 5. Nf3 {[%clk 1:32:25]} d6 {[%clk 1:30:48]} 6. O-O {[%clk
1:32:24]} Nf6 {[%clk 1:28:49]} 7. d3 {[%clk 1:32:09]} O-O {[%clk 1:26:43]} 8.
a3 {[%clk 1:30:58]} Ba7 {[%clk 1:20:43]} 9. b4 {[%clk 1:28:03]} Rb8 {[%clk
1:12:57]} 10. Bb2 {[%clk 1:16:10]} b5 {[%clk 1:10:01]} 11. cxb5 {[%clk
1:15:35]} axb5 12. Rc1 {[%clk 1:15:14]} Nd4 {[%clk 1:03:54]} 13. Nxd4 {[%clk
1:07:50]} exd4 {[%clk 1:00:11]} 14. Nd5 {[%clk 1:04:45]} Nxd5 {[%clk 1:00:22]}
15. Bxd5 {[%clk 1:05:09]} Bb7 {[%clk 0:58:32]} 16. Qb3 {[%clk 1:01:35]} c5
{[%clk 0:54:33]} 17. Bxb7 {[%clk 0:59:53]} Rxb7 {[%clk 0:54:59]} 18. Rc2 {[%clk
0:51:25]} Qe7 {[%clk 0:47:18]} 19. Qd5 {[%clk 0:48:59]} Bb6 {[%clk 0:40:46]}
20. Rb1 {[%clk 0:30:56]} Rfb8 {[%clk 0:32:08]} 21. Bc1 {[%clk 0:27:03]} Ba7
{[%clk 0:20:39]} 22. Bf4 {[%clk 0:25:37]} Rd7 {[%clk 0:15:07]} 23. h4 {[%clk
0:16:49]} Rbb7 {[%clk 0:13:30]} 24. Qc6 {[%clk 0:14:05]} Rb6 {[%clk 0:10:58]}
25. Qd5 {[%clk 0:12:41]} Rbb7 {[%clk 0:11:11]} 26. Bg5 {[%clk 0:10:16]} Qe6
{[%clk 0:10:15]} 27. Qf3 {[%clk 0:08:41]} h6 {[%clk 0:08:48]} 28. Bf4 {[%clk
0:08:35]} Qg6 {[%clk 0:07:11]} 29. Rbc1 {[%clk 0:08:03]} Qe6 {[%clk 0:06:58]}
30. Qc6 {[%clk 0:06:22]} Kh7 {[%clk 0:05:39]} 1/2-1/2

[Event "DVM U12 2018"]
[Site "Magdeburg GER"]
[Date "2018.12.30"]
[Round "7"]
[White "Fuhrmann, Bahne"]
[Black "Rennkamp, David"]
[Result "1/2-1/2"]
[Termination "normal"]
[Board "1.4"]
[WhiteElo "1584"]
[BlackElo "1223"]
[WhiteClock "00:13:45"]
[BlackClock "00:05:16"]
[WhiteTeam "Hamburger SK"]
[BlackTeam "SC Turm Lüneburg"]
[PlyCount "83"]
[WhiteFideId "16244842"]
[BlackFideId "16249526"]
[EventCountry "GER"]
[EventRounds "7"]
[EventType "team-swiss"]
[EventDate "2018.12.26"]

1. e4 {[%clk 1:30:59]} e5 {[%clk 1:30:57]} 2. Nf3 {[%clk 1:31:19]} Nc6 {[%clk
1:31:16]} 3. Bc4 {[%clk 1:31:38]} Bc5 {[%clk 1:31:40]} 4. O-O {[%clk 1:31:57]}
Nf6 {[%clk 1:31:54]} 5. d3 {[%clk 1:31:59]} d6 {[%clk 1:31:55]} 6. c3 {[%clk
1:32:10]} O-O {[%clk 1:32:13]} 7. Nbd2 {[%clk 1:32:06]} Bg4 {[%clk 1:31:14]} 8.
h3 {[%clk 1:31:30]} Bd7 {[%clk 1:28:12]} 9. Re1 {[%clk 1:30:11]} Ne7 {[%clk
1:22:30]} 10. Nf1 {[%clk 1:27:17]} Ng6 {[%clk 1:21:52]} 11. d4 {[%clk 1:25:44]}
Bb6 {[%clk 1:15:39]} 12. Ng3 {[%clk 1:22:59]} a6 {[%clk 1:01:05]} 13. Bg5
{[%clk 1:19:20]} h6 {[%clk 0:54:24]} 14. dxe5 {[%clk 1:12:29]} hxg5 {[%clk
0:47:03]} 15. exf6 {[%clk 1:12:03]} Qxf6 {[%clk 0:46:37]} 16. Nh5 {[%clk
1:08:42]} Qe7 {[%clk 0:38:23]} 17. Qd3 {[%clk 1:06:42]} Ne5 {[%clk 0:31:48]}
18. Nxe5 {[%clk 1:04:39]} dxe5 {[%clk 0:31:31]} 19. Ng3 {[%clk 0:51:44]} Rad8
{[%clk 0:30:03]} 20. Qf3 {[%clk 0:47:26]} g6 {[%clk 0:26:29]} 21. Nf1 {[%clk
0:43:29]} Kg7 {[%clk 0:24:04]} 22. Ne3 {[%clk 0:42:20]} c6 {[%clk 0:23:41]} 23.
g4 {[%clk 0:34:13]} Be6 {[%clk 0:21:16]} 24. Bb3 {[%clk 0:33:09]} Bxb3 {[%clk
0:20:43]} 25. axb3 {[%clk 0:33:16]} f6 {[%clk 0:17:57]} 26. Rad1 {[%clk
0:29:57]} Rd7 {[%clk 0:17:02]} 27. Rxd7 {[%clk 0:29:19]} Qxd7 {[%clk 0:17:27]}
28. Nc4 {[%clk 0:29:02]} Bc7 {[%clk 0:16:08]} 29. Qe3 {[%clk 0:27:32]} Rd8
{[%clk 0:11:51]} 30. Qa7 {[%clk 0:23:45]} Qc8 {[%clk 0:11:48]} 31. b4 {[%clk
0:22:39]} Bb8 {[%clk 0:08:49]} 32. Qc5 {[%clk 0:22:00]} Qd7 {[%clk 0:07:26]}
33. Ne3 {[%clk 0:20:33]} Qd6 {[%clk 0:06:31]} 34. Qxd6 {[%clk 0:18:54]} Rxd6
{[%clk 0:06:49]} 35. Rd1 {[%clk 0:18:45]} Rxd1+ {[%clk 0:07:09]} 36. Nxd1
{[%clk 0:19:11]} Ba7 {[%clk 0:07:19]} 37. b3 {[%clk 0:17:46]} Kf7 {[%clk
0:07:39]} 38. Nb2 {[%clk 0:17:22]} Ke6 {[%clk 0:07:12]} 39. Kf1 {[%clk
0:17:03]} Kd6 {[%clk 0:06:45]} 40. Nc4+ {[%clk 0:15:59]} Kc7 {[%clk 0:06:19]}
41. Kg2 {[%clk 0:14:02]} b5 {[%clk 0:05:16]} 42. Ne3 {[%clk 0:13:45]} 1/2-1/2

[Event "DVM U12 2018"]
[Site "Magdeburg GER"]
[Date "2018.12.30"]
[Round "7"]
[White "Phan Trong, Dai"]
[Black "Bungarten, Jona"]
[Result "0-1"]
[Termination "normal"]
[Board "2.1"]
[WhiteElo "1659"]
[BlackElo "1609"]
[WhiteClock "00:59:32"]
[BlackClock "01:23:13"]
[WhiteTeam "SV Dresden-Leuben"]
[BlackTeam "SF Brackel"]
[PlyCount "68"]
[WhiteFideId "16236939"]
[BlackFideId "16223608"]
[EventCountry "GER"]
[EventRounds "7"]
[EventType "team-swiss"]
[EventDate "2018.12.26"]

1. c4 {[%clk 1:30:59]} e6 {[%clk 1:30:38]} 2. g3 {[%clk 1:30:59]} Nf6 {[%clk
1:30:54]} 3. Bg2 {[%clk 1:31:23]} d5 {[%clk 1:31:15]} 4. cxd5 {[%clk 1:31:38]}
exd5 {[%clk 1:31:38]} 5. d3 {[%clk 1:31:39]} c6 {[%clk 1:31:19]} 6. Nf3 {[%clk
1:31:54]} Bd6 {[%clk 1:31:28]} 7. O-O {[%clk 1:31:51]} O-O {[%clk 1:30:55]} 8.
Bg5 {[%clk 1:31:27]} h6 {[%clk 1:31:15]} 9. Bd2 {[%clk 1:31:26]} Bg4 {[%clk
1:30:29]} 10. h3 {[%clk 1:31:07]} Bxf3 {[%clk 1:30:36]} 11. Bxf3 {[%clk
1:31:17]} Nbd7 {[%clk 1:31:00]} 12. Qc2 {[%clk 1:30:40]} Ne5 {[%clk 1:30:20]}
13. Bg2 {[%clk 1:27:47]} Re8 {[%clk 1:29:55]} 14. Bc3 {[%clk 1:26:07]} Re7
{[%clk 1:29:48]} 15. Nd2 {[%clk 1:24:51]} Qc7 {[%clk 1:27:34]} 16. Nf3 {[%clk
1:22:34]} Rae8 {[%clk 1:27:47]} 17. Nxe5 {[%clk 1:20:24]} Bxe5 {[%clk 1:28:10]}
18. Bxe5 {[%clk 1:20:34]} Qxe5 {[%clk 1:28:20]} 19. Bf3 {[%clk 1:20:43]} Nd7
{[%clk 1:26:24]} 20. Rac1 {[%clk 1:10:33]} Qf6 {[%clk 1:25:38]} 21. Rfe1 {[%clk
1:10:01]} Nf8 {[%clk 1:23:41]} 22. b3 {[%clk 1:08:31]} Ne6 {[%clk 1:23:57]} 23.
Qd2 {[%clk 1:06:59]} Nd4 {[%clk 1:23:47]} 24. Bg4 {[%clk 1:07:20]} Qg5 {[%clk
1:21:23]} 25. Qxg5 {[%clk 1:06:58]} hxg5 {[%clk 1:20:59]} 26. e3 {[%clk
1:05:23]} f5 {[%clk 1:20:40]} 27. Bh5 {[%clk 1:02:22]} g6 {[%clk 1:21:03]} 28.
Bxg6 {[%clk 1:01:42]} Nf3+ {[%clk 1:21:26]} 29. Kh1 {[%clk 1:02:02]} Nxe1
{[%clk 1:21:49]} 30. Bxe8 {[%clk 1:01:56]} Nxd3 {[%clk 1:22:08]} 31. Rc3 {[%clk
1:01:54]} Nxf2+ {[%clk 1:22:31]} 32. Kg2 {[%clk 1:02:11]} Ne4 {[%clk 1:22:56]}
33. Rc1 {[%clk 0:59:14]} Rxe8 {[%clk 1:23:20]} 34. Rf1 {[%clk 0:59:32]} Rf8
{[%clk 1:23:13]} 0-1